1830 1582 1696 1662 1731 1497 1066 1076 1293 1323 1157 1872 1927 1338 1077 1299 1868 1258 1224 1307 1961 1241 1759 1909 1340 1392 1856 1469 1649 1857 1088 1634 1035 1519 1812 1215 1631 1799 1775 1442 1939 1612 1097 1576 1887 1473 1587 1932 1999 1884 1277 1583 1556 1298 1088 1446 1574 1821 1137 1417 1830 2000 1997 1039 1382 1806 1021 1567 1770 1909 1604 1886 1412 1850 1104 1573 1157 1351 1504 1150 1314 1545 1344 1914 1976 1974 1177 1758 1567 1137 1876 1605 1284 1187 1346 1674 1293 1996 1329 BCNSPRNW ULIB Ver.6.0+V

เปลี่ยนเป็นภาษาไทย

Change to English
 แสดงรายละเอียดบรรณานุกรม
  กลับหน้าหลัก

Brief Record : Get Marc (ISO 2709) : E-mail record : QR code < ปิดหน้าต่าง
LEADER : 00000nam 2200000uu 4500
001    13399125181
003     ULIB
008    161031s2558||||th 000 0 tha d
020    ^a9786164070127
050  0 ^aWM274^bน882ห
100 0  ^aเนื้อแพร เล็กเฟื่องฟู
245 10 ^aเหล้า! ความจริง :^bรายงานสถานการณ์การบริโภคเครื่องดื่มแอลกอฮอล์ในสังคมไทยประจำปีพ.ศ. 2558 /^cเนื้อแพร เล็กเฟื่องฟู ... [และคนอื่น ๆ] ; บรรณาธิการ,นพพล วิทย์วรพงศ์ และกรรณจริยา สุขรุ่ง
250    ^aพิมพ์ครั้งที่ 1
260    ^aกรุงเทพฯ :^bศูนย์วิจัยปัญหาสุรา คณะเศรษฐศาสตร์ จุฬาลงกรณ์มหาวิทยาลัย,^c2559
300    ^a212 หน้า :^bภาพประกอบ ;^c26 ซม.
500    ^aมีเอกสารประกอบ : สถานการณ์การบริโภคเครื่องดื่มแอลกอฮอล์กรุงเทพมหานคร 2558 ; สถานการณ์การบริโภคเครื่องดื่มแอลกอฮอล์ภาคกลาง 2558 ; สถานการณ์การบริโภคเครื่องดื่มแอลกอฮอล์ภาคตะวันออกเฉียงเหนือ 2558 ;สถานการณ์การบริโภคเครื่องดื่มแอลกอฮอล์ ภาคใต้ 2558 ;สถานการณ์การบริโภคเครื่องดื่มแอลกอฮอล์ ภาคเหนือ 2558
700 0  ^aนพพล วิทย์วรพงศ์,^bบรรณาธิการ
700 0  ^aกรรณจริยา สุขรุ่ง,^bบรรณาธิการ
710 2  ^aจุฬาลงกรณ์มหาวิทยาลัย.^bคณะเศรษฐศาสตร์.^bศูนย์วิจัยปัญหาสุรา
945    ^p0^l0^i001439
945    ^p0^l0^i001440
945    ^p0^l0^i001441
945    ^p0^l0^i001442
999    ^aวรรณษา ชูชัยมงคล
รายการนี้ยังไม่มีแท็ก
คุณยังไม่ได้ล็อกอิน คุณสามารถมีกิจกรรมร่วมกับเว็บไซต์ได้ แต่ต้องล็อกอินก่อน ::
  ล็อกอิน

รายการสื่อสารสนเทศ

ลำดับที่ ประเภท เลขเรียก/บาร์โค้ด สถานที่ สถานะ
1. การศึกษาทั่วไป
การศึกษาทั่วไป
สถานะ=หนังสือเก่า
WM274 น882ห ฉ.1 
  Barcode: 001439
ห้องสมุดวิทยาเขตสวรรค์ประชารักษ์
►ส่วนจัดเก็บหนังสือเก่า สปร
บนชั้น
  ขอยืม
2. การศึกษาทั่วไป
การศึกษาทั่วไป
สถานะ=หนังสือเก่า
WM274 น882ห ฉ.2 
  Barcode: 001440
ห้องสมุดวิทยาเขตสวรรค์ประชารักษ์
►ส่วนจัดเก็บหนังสือเก่า สปร
บนชั้น
  ขอยืม
3. การศึกษาทั่วไป
การศึกษาทั่วไป
สถานะ=หนังสือเก่า
WM274 น882ห ฉ.3 
  Barcode: 001441
ห้องสมุดวิทยาเขตสวรรค์ประชารักษ์
►ส่วนจัดเก็บหนังสือเก่า สปร
บนชั้น
  ขอยืม
4. การศึกษาทั่วไป
การศึกษาทั่วไป
สถานะ=หนังสือเก่า
WM274 น882ห ฉ.4 
  Barcode: 001442
ห้องสมุดวิทยาเขตสวรรค์ประชารักษ์
►ส่วนจัดเก็บหนังสือเก่า สปร
บนชั้น
  ขอยืม

BibComment


ยังไม่เคยถูกคอมเมนท์

คอมเมนท์ทรัพยากรรายการนี้
  คอมเมนท์: เหล้า ความจริง ..


 Copyright 2026. Bcnsprnw @Library